57 'T' Movies Quiz Stats

 Plays Quiz Updated Nov 17, 2014

Also try: 57 'A' Movies
Challenge
Share
Tweet
Embed
Score 0/57 Timer 10:00
6 Plays Today
Year & Genre(s) Movie % Correct
1997: RomanceTitanic
94.2%
1984: Action/SciFiThe Terminator
88.9%
2008: RomanceTwilight
88.9%
2008: ActionTaken
86.3%
1998: DramaThe Truman Show
85%
1996: ActionTwister
82.9%
1995: AnimatedToy Story
80.7%
1998: ComedyThere's Something About Mary
76.7%
2004: EpicTroy
76.6%
2008: ComedyTropic Thunder
76.3%
2007: ActionTransformers
75.7%
2004: DramaThe Terminal
75.2%
1999: AnimatedTarzan
75.1%
1994: ActionTrue Lies
73.1%
1987: ComedyThree Men and a Baby
73%
1991: Road MovieThelma and Louise
72.8%
1982: ComedyTootsie
69.2%
1976: DramaTaxi Driver
68.3%
1986: ActionTop Gun
67.1%
1989: ComedyTurner & Hooch
65.4%
1984: ComedyThis is Spinal Tap
59%
1996: DramaTrainspotting
58.8%
1996: SportsTin Cup
57.5%
1983: ComedyTrading Places
56.4%
1990: CreatureTremors
54.8%
1974: MusicTommy
54.4%
2005: SatireThank You For Smoking
51.7%
2001: CrimeTraining Day
51.5%
1990: SciFiTotal Recall
51.1%
Year & Genre(s) Movie % Correct
2002: ActionThe Transporter
50.5%
1999: WarThree Kings
49.1%
1970: WarTora! Tora! Tora!
48.2%
1962: DramaTo Kill a Mockingbird
47.3%
2004: ComedyTeam America: World Police
47%
1993: WesternTombstone
46%
1999: CrimeThe Talented Mr. Ripley
45.5%
1982: Horror/SciFiThe Thing
44.9%
1974: DisasterThe Towering Inferno
44.4%
1997: SpyTomorrow Never Dies
43.2%
1996: MusicThat Thing You Do!
39.9%
1965: SpyThunderball
37.3%
1996: CourtroomA Time to Kill
35.7%
2000: EnsembleTraffic
35.2%
2002: AnimatedTreasure Planet
34.6%
2007: DramaThere Will Be Blood
33%
1998: WarThe Thin Red Line
32.8%
1993: ThrillerTrue Romance
29.3%
1974: HorrorThe Texas Chain Saw Massacre
28.5%
2002: RomComTwo Weeks Notice
27.3%
1968/99: HeistThe Thomas Crown Affair
26.3%
2003: DramaThirteen
26.2%
1935: MusicalTop Hat
20.1%
1949: Noir/ThrillerThe Third Man
17.9%
1981: FantasyTime Bandits
16.9%
1969: DramaThey Shoot Horses, Don't They?
12.7%
1958: Film-NoirTouch of Evil
9.3%
2000: Drama/WarTigerland
7.8%

You're not logged in!

Compare scores with friends on all Sporcle quizzes.
Join for Free
OR
Log In

You Might Also Like...

Show Comments

Extras

Top Quizzes Today


Score Distribution

Your Account Isn't Verified!

In order to create a playlist on Sporcle, you need to verify the email address you used during registration. Go to your Sporcle Settings to finish the process.

Report this User

Report this user for behavior that violates our Community Guidelines.

Details: